000 00522nam a2200217Ia 4500
003 OSt
005 20220505110416.0
008 210210b1972 xxu||||| |||| 00| 0 eng d
040 _aAL
_c
041 _aEnglish
082 _a581 VASB
100 _aVASHISHTA (B R).
_933835
245 _aBotany for degree students: Part II Fungi
250 _b4
260 _aNew Delhi
_bS. Chand & Co. Ltd.
_c1972
300 _axiv,371
650 _aFungi
_933836
690 _aBotany
_933837
906 _a030229
942 _2ddc
_cBK
999 _c81413
_d81413